000 00654nam a22001817a 4500
008 160425b xxu||||| |||| 00| 0 eng d
020 _a9710459421
082 _22009
_aDFil 363.2565
_bK12
100 _96281
_aKalalang, Sally S.
245 _aQuestioned document examination:
_bAn instructional handbook/
_cSally S. Kalalang
260 _aQuezon City:
_bWiseman's Books Trading, Inc.,
_cc2009.
300 _axiv, 181 pages:
_billustrations;
_c28 cm.
500 _aInclude bibliography
650 0 _96282
_aWriting
_xidentification
650 0 _96283
_aLegal documents
_xidentification
700 _96284
_aKalalang, Avelino P.,Jr.
_eAuthor
942 _2ddc
_cDFIL
999 _c1959
_d1959